[Event "DEM U18w 2018"]
[Site "Willingen GER"]
[Date "2018.05.25"]
[Round "8"]
[White "Reinecke, Katharina"]
[Black "Möller, Hannah"]
[Result "1/2-1/2"]
[Termination "normal"]
[Board "7"]
[WhiteElo "1905"]
[BlackElo "1807"]
[WhiteClock "00:03:10"]
[BlackClock "00:36:10"]
[PlyCount "69"]
[WhiteFideId "12929727"]
[BlackFideId "1270514"]
[EventCountry "GER"]
[EventRounds "9"]
[EventType "swiss"]
[EventDate "2018.05.19"]

1. d4 {[%clk 1:30:58]} 1... Nf6 {[%clk 1:30:56]} 2. Nf3 {[%clk 1:31:24]} 2...
g6 {[%clk 1:31:21]} 3. g3 {[%clk 1:31:50]} 3... Bg7 {[%clk 1:31:47]} 4. Bg2 {
[%clk 1:32:15]} 4... O-O {[%clk 1:32:05]} 5. O-O {[%clk 1:32:37]} 5... d6 {
[%clk 1:32:26]} 6. b3 {[%clk 1:33:03]} 6... c5 {[%clk 1:32:12]} 7. c4 { [%clk
1:31:48]} 7... Nc6 {[%clk 1:31:01]} 8. Bb2 {[%clk 1:30:23]} 8... Bf5 { [%clk
1:29:53]} 9. Nbd2 {[%clk 1:24:02]} 9... Qc8 {[%clk 1:27:15]} 10. Re1 { [%clk
1:17:28]} 10... Nb4 {[%clk 1:25:14]} 11. e4 {[%clk 1:12:24]} 11... Bh3 { [%clk
1:25:35]} 12. Nf1 {[%clk 1:10:21]} 12... Bxg2 {[%clk 1:25:13]} 13. Kxg2 { [%clk
1:10:42]} 13... cxd4 {[%clk 1:24:25]} 14. Nxd4 {[%clk 1:09:12]} 14... Nc6
{[%clk 1:20:11]} 15. h3 {[%clk 1:06:30]} 15... Nxd4 {[%clk 1:18:44]} 16. Bxd4 {
[%clk 1:01:21]} 16... Qc6 {[%clk 1:16:22]} 17. f3 {[%clk 0:55:58]} 17... a6 {
[%clk 1:11:30]} 18. Ne3 {[%clk 0:53:28]} 18... Rac8 {[%clk 1:08:14]} 19. Rc1 {
[%clk 0:51:32]} 19... b5 {[%clk 1:06:04]} 20. Qd3 {[%clk 0:46:56]} 20... Qb7 {
[%clk 1:01:16]} 21. cxb5 {[%clk 0:39:42]} 21... Qxb5 {[%clk 1:00:55]} 22. Qd2 {
[%clk 0:36:14]} 22... Qb7 {[%clk 0:59:14]} 23. Kh2 {[%clk 0:33:55]} 23... Rxc1
{[%clk 0:56:46]} 24. Rxc1 {[%clk 0:34:10]} 24... Rc8 {[%clk 0:56:01]} 25. Rxc8+
{[%clk 0:28:30]} 25... Qxc8 {[%clk 0:51:59]} 26. Bxf6 {[%clk 0:27:52]} 26...
Bxf6 {[%clk 0:52:11]} 27. Nd5 {[%clk 0:27:48]} 27... Kg7 {[%clk 0:46:11]} 28.
Nxf6 {[%clk 0:24:08]} 28... exf6 {[%clk 0:44:02]} 29. h4 {[%clk 0:18:31]} 29...
h5 {[%clk 0:43:15]} 30. Kg2 {[%clk 0:13:48]} 30... Qc5 {[%clk 0:41:53]} 31. b4
{[%clk 0:12:53]} 31... Qc4 {[%clk 0:41:36]} 32. Kf2 {[%clk 0:12:02]} 32... Qc6
{[%clk 0:40:28]} 33. Ke3 {[%clk 0:09:38]} 33... Qc4 {[%clk 0:38:07]} 34. a3 {
[%clk 0:07:16]} 34... Qc6 {[%clk 0:36:10]} 35. Kf2 {[%clk 0:03:10]} 1/2-1/2

[Event "DEM U18w 2018"]
[Site "Willingen GER"]
[Date "2018.05.25"]
[Round "8"]
[White "Ratay, Meike"]
[Black "Diener, Carolin Valeria"]
[Result "1-0"]
[Termination "normal"]
[Board "8"]
[WhiteElo "1831"]
[BlackElo "1957"]
[WhiteClock "00:56:36"]
[BlackClock "00:15:59"]
[PlyCount "25"]
[WhiteFideId "12977608"]
[BlackFideId "24699063"]
[EventCountry "GER"]
[EventRounds "9"]
[EventType "swiss"]
[EventDate "2018.05.19"]

1. e4 {[%clk 1:30:57]} 1... e5 {[%clk 1:30:56]} 2. Nf3 {[%clk 1:31:24]} 2...
Nc6 {[%clk 1:31:22]} 3. Bc4 {[%clk 1:31:50]} 3... Bc5 {[%clk 1:31:46]} 4. c3 {
[%clk 1:32:16]} 4... Nf6 {[%clk 1:29:58]} 5. d4 {[%clk 1:32:40]} 5... exd4 {
[%clk 1:30:21]} 6. O-O {[%clk 1:33:04]} 6... d5 {[%clk 1:15:15]} 7. exd5 {
[%clk 1:27:18]} 7... Nxd5 {[%clk 1:13:23]} 8. Qb3 {[%clk 1:27:25]} 8... Nf6 {
[%clk 0:58:43]} 9. Bxf7+ {[%clk 1:17:18]} 9... Kf8 {[%clk 0:58:55]} 10. Re1 {
[%clk 1:10:48]} 10... Qd6 {[%clk 0:38:09]} 11. Ng5 {[%clk 1:00:30]} 11... h6 {
[%clk 0:24:33]} 12. Bg6 {[%clk 0:56:40]} 12... Ne5 {[%clk 0:15:59]} 13. Rxe5 {
[%clk 0:56:36]} 1-0

[Event "DEM U18w 2018"]
[Site "Willingen GER"]
[Date "2018.05.25"]
[Round "8"]
[White "Browning, Rebecca"]
[Black "Zell, Mirjam"]
[Result "1-0"]
[Termination "normal"]
[Board "9"]
[WhiteElo "1925"]
[BlackElo "1829"]
[WhiteClock "01:17:25"]
[BlackClock "01:03:38"]
[PlyCount "43"]
[WhiteFideId "12984027"]
[BlackFideId "16208544"]
[EventCountry "GER"]
[EventRounds "9"]
[EventType "swiss"]
[EventDate "2018.05.19"]

1. e4 {[%clk 1:30:59]} 1... e5 {[%clk 1:30:53]} 2. Nf3 {[%clk 1:31:25]} 2...
Nf6 {[%clk 1:31:17]} 3. Nc3 {[%clk 1:31:52]} 3... Nc6 {[%clk 1:31:35]} 4. d4 {
[%clk 1:31:46]} 4... exd4 {[%clk 1:31:46]} 5. Nxd4 {[%clk 1:32:10]} 5... Bb4 {
[%clk 1:31:55]} 6. Nxc6 {[%clk 1:32:34]} 6... bxc6 {[%clk 1:31:46]} 7. Bd3 {
[%clk 1:32:59]} 7... O-O {[%clk 1:30:52]} 8. O-O {[%clk 1:33:15]} 8... h6 {
[%clk 1:24:58]} 9. a3 {[%clk 1:26:57]} 9... Bc5 {[%clk 1:19:03]} 10. Na4 {
[%clk 1:26:32]} 10... Be7 {[%clk 1:18:56]} 11. Nc3 {[%clk 1:24:00]} 11... Bc5 {
[%clk 1:16:05]} 12. e5 {[%clk 1:21:16]} 12... Nh7 {[%clk 1:15:29]} 13. b4 {
[%clk 1:21:28]} 13... Be7 {[%clk 1:14:24]} 14. Ne4 {[%clk 1:20:34]} 14... Ng5 {
[%clk 1:10:27]} 15. Nxg5 {[%clk 1:19:34]} 15... Bxg5 {[%clk 1:10:49]} 16. f4 {
[%clk 1:20:02]} 16... Be7 {[%clk 1:10:20]} 17. f5 {[%clk 1:18:42]} 17... f6 {
[%clk 1:07:58]} 18. Bc4+ {[%clk 1:18:49]} 18... Kh7 {[%clk 1:06:40]} 19. Qg4 {
[%clk 1:17:56]} 19... fxe5 {[%clk 1:03:26]} 20. Qg6+ {[%clk 1:17:27]} 20... Kh8
{[%clk 1:03:48]} 21. Bxh6 {[%clk 1:17:01]} 21... Bf6 {[%clk 1:03:38]} 22. Bxg7+
{[%clk 1:17:25]} 1-0

[Event "DEM U18w 2018"]
[Site "Willingen GER"]
[Date "2018.05.25"]
[Round "8"]
[White "Kail, Sindy"]
[Black "Schmidt, Aliyah"]
[Result "1-0"]
[Termination "normal"]
[Board "10"]
[WhiteElo "1819"]
[BlackElo "1388"]
[WhiteClock "00:28:04"]
[BlackClock "00:27:13"]
[PlyCount "51"]
[WhiteFideId "12988502"]
[BlackFideId "16240103"]
[EventCountry "GER"]
[EventRounds "9"]
[EventType "swiss"]
[EventDate "2018.05.19"]

1. e4 {[%clk 1:30:58]} 1... c5 {[%clk 1:30:53]} 2. Nf3 {[%clk 1:31:23]} 2... d6
{[%clk 1:31:16]} 3. d4 {[%clk 1:31:39]} 3... cxd4 {[%clk 1:31:38]} 4. Nxd4 {
[%clk 1:32:07]} 4... Nf6 {[%clk 1:31:56]} 5. Nc3 {[%clk 1:32:30]} 5... a6 {
[%clk 1:32:19]} 6. Bg5 {[%clk 1:32:53]} 6... e6 {[%clk 1:32:38]} 7. f4 { [%clk
1:32:42]} 7... Be7 {[%clk 1:30:57]} 8. Qf3 {[%clk 1:32:46]} 8... Nbd7 { [%clk
1:23:56]} 9. O-O-O {[%clk 1:31:53]} 9... Qc7 {[%clk 1:20:24]} 10. g4 { [%clk
1:27:40]} 10... b5 {[%clk 1:15:49]} 11. a3 {[%clk 1:24:03]} 11... Bb7 { [%clk
1:13:49]} 12. Bd3 {[%clk 1:16:01]} 12... Nc5 {[%clk 1:10:55]} 13. Rhe1 { [%clk
1:11:27]} 13... Nxd3+ {[%clk 1:07:14]} 14. Rxd3 {[%clk 1:11:18]} 14... d5
{[%clk 1:00:59]} 15. Bxf6 {[%clk 1:06:02]} 15... dxe4 {[%clk 0:59:27]} 16. Nxe4
{[%clk 1:03:05]} 16... Bxf6 {[%clk 0:59:29]} 17. Nxf6+ {[%clk 0:50:53]} 17...
gxf6 {[%clk 0:58:34]} 18. Qe3 {[%clk 0:51:05]} 18... Qb6 {[%clk 0:49:00]} 19.
g5 {[%clk 0:39:11]} 19... fxg5 {[%clk 0:46:51]} 20. f5 {[%clk 0:35:22]} 20...
O-O-O {[%clk 0:37:09]} 21. fxe6 {[%clk 0:33:55]} 21... fxe6 {[%clk 0:37:08]}
22. Qe5 {[%clk 0:33:35]} 22... Rhe8 {[%clk 0:34:04]} 23. Rc3+ {[%clk 0:31:37]}
23... Kd7 {[%clk 0:30:06]} 24. Nxe6 {[%clk 0:27:59]} 24... Rxe6 {[%clk 0:27:35]
} 25. Rc7+ {[%clk 0:28:04]} 25... Qxc7 {[%clk 0:27:13]} 26. Qxe6# 1-0

[Event "DEM U18w 2018"]
[Site "Willingen GER"]
[Date "2018.05.25"]
[Round "8"]
[White "Kolb, Verena"]
[Black "Mylke, Sandy-Michelle"]
[Result "1-0"]
[Termination "normal"]
[Board "11"]
[WhiteElo "1665"]
[BlackElo "1100"]
[WhiteClock "00:20:38"]
[BlackClock "00:06:55"]
[PlyCount "111"]
[WhiteFideId "12992313"]
[BlackFideId "16235045"]
[EventCountry "GER"]
[EventRounds "9"]
[EventType "swiss"]
[EventDate "2018.05.19"]

1. e4 {[%clk 1:30:59]} 1... g6 {[%clk 1:30:44]} 2. Nc3 {[%clk 1:30:55]} 2...
Bg7 {[%clk 1:30:53]} 3. d3 {[%clk 1:31:18]} 3... d5 {[%clk 1:29:37]} 4. Nxd5 {
[%clk 1:30:54]} 4... c6 {[%clk 1:29:10]} 5. Nc3 {[%clk 1:31:10]} 5... Nd7 {
[%clk 1:28:11]} 6. g3 {[%clk 1:31:19]} 6... Ngf6 {[%clk 1:26:59]} 7. Bg2 {
[%clk 1:31:27]} 7... O-O {[%clk 1:25:33]} 8. h3 {[%clk 1:31:29]} 8... Nb6 {
[%clk 1:18:26]} 9. Be3 {[%clk 1:31:19]} 9... Be6 {[%clk 1:17:21]} 10. Nge2 {
[%clk 1:30:21]} 10... Qd7 {[%clk 1:16:46]} 11. Nf4 {[%clk 1:29:27]} 11... Rad8
{[%clk 1:15:36]} 12. Qd2 {[%clk 1:27:46]} 12... Qc8 {[%clk 1:15:13]} 13. Nxe6 {
[%clk 1:27:43]} 13... Qxe6 {[%clk 1:15:07]} 14. Qc1 {[%clk 1:26:06]} 14... Rd6
{[%clk 1:14:07]} 15. O-O {[%clk 1:25:56]} 15... Rfd8 {[%clk 1:13:56]} 16. Re1 {
[%clk 1:16:36]} 16... R6d7 {[%clk 1:12:00]} 17. Kh2 {[%clk 1:15:56]} 17... Kh8
{[%clk 1:06:05]} 18. f3 {[%clk 1:14:26]} 18... Nh5 {[%clk 1:04:32]} 19. h4 {
[%clk 1:09:43]} 19... Be5 {[%clk 0:56:46]} 20. f4 {[%clk 1:02:34]} 20... Bxc3 {
[%clk 0:51:38]} 21. bxc3 {[%clk 1:01:55]} 21... Kg8 {[%clk 0:48:47]} 22. Bh3 {
[%clk 1:01:38]} 22... f5 {[%clk 0:48:40]} 23. exf5 {[%clk 1:01:42]} 23... gxf5
{[%clk 0:49:01]} 24. Bxb6 {[%clk 1:01:56]} 24... Qg6 {[%clk 0:49:08]} 25. Bf2 {
[%clk 1:01:53]} 25... c5 {[%clk 0:45:52]} 26. c4 {[%clk 1:00:06]} 26... b5 {
[%clk 0:46:06]} 27. cxb5 {[%clk 0:55:24]} 27... c4 {[%clk 0:46:24]} 28. Qe3 {
[%clk 0:53:26]} 28... cxd3 {[%clk 0:44:43]} 29. cxd3 {[%clk 0:53:05]} 29...
Rxd3 {[%clk 0:44:55]} 30. Qe6+ {[%clk 0:53:24]} 30... Qxe6 {[%clk 0:43:34]} 31.
Rxe6 {[%clk 0:53:50]} 31... Rd2 {[%clk 0:41:39]} 32. Kg1 {[%clk 0:54:08]} 32...
Rb2 {[%clk 0:38:12]} 33. Be1 {[%clk 0:42:29]} 33... Rc8 {[%clk 0:37:08]} 34.
Rc6 {[%clk 0:37:01]} 34... Rf8 {[%clk 0:33:05]} 35. Rc5 {[%clk 0:36:02]} 35...
e6 {[%clk 0:32:39]} 36. a4 {[%clk 0:29:13]} 36... Ng7 {[%clk 0:26:35]} 37. Rac1
{[%clk 0:28:32]} 37... Rb3 {[%clk 0:21:29]} 38. Bg2 {[%clk 0:25:12]} 38... Nh5
{[%clk 0:20:24]} 39. R5c3 {[%clk 0:24:25]} 39... Rb4 {[%clk 0:18:27]} 40. Bf3 {
[%clk 0:23:56]} 40... Ng7 {[%clk 0:18:12]} 41. Rc4 {[%clk 0:23:43]} 41... Rb3 {
[%clk 0:17:54]} 42. Kg2 {[%clk 0:23:52]} 42... Rb2+ {[%clk 0:15:05]} 43. R1c2 {
[%clk 0:24:11]} 43... Rb1 {[%clk 0:15:17]} 44. Bf2 {[%clk 0:24:30]} 44... Rb3 {
[%clk 0:12:16]} 45. Bxa7 {[%clk 0:23:45]} 45... Rd3 {[%clk 0:11:11]} 46. Rc8 {
[%clk 0:22:43]} 46... Rdd8 {[%clk 0:11:22]} 47. Rxd8 {[%clk 0:21:39]} 47...
Rxd8 {[%clk 0:11:43]} 48. b6 {[%clk 0:21:18]} 48... Ne8 {[%clk 0:07:47]} 49. b7
{[%clk 0:21:11]} 49... Nf6 {[%clk 0:07:35]} 50. Rc8 {[%clk 0:21:13]} 50... Rxc8
{[%clk 0:07:10]} 51. bxc8=Q+ Kf7 52. Qc7+ {[%clk 0:20:39]} 52... Kf8 { [%clk
0:07:16]} 53. Bd4 {[%clk 0:20:24]} 53... Ne8 {[%clk 0:07:22]} 54. Bc5+ { [%clk
0:19:50]} 54... Kg8 {[%clk 0:07:16]} 55. Qe7 {[%clk 0:20:17]} 55... h6 { [%clk
0:06:55]} 56. Qxe8+ {[%clk 0:20:38]} 1-0

[Event "DEM U18w 2018"]
[Site "Willingen GER"]
[Date "2018.05.25"]
[Round "8"]
[White "Lohrmann, Tabea"]
[Black "Jörs, Pia-Milena"]
[Result "1/2-1/2"]
[Termination "normal"]
[Board "12"]
[WhiteElo "1632"]
[BlackElo "1557"]
[WhiteClock "00:39:25"]
[BlackClock "00:39:46"]
[PlyCount "45"]
[WhiteFideId "12911941"]
[BlackFideId "12964646"]
[EventCountry "GER"]
[EventRounds "9"]
[EventType "swiss"]
[EventDate "2018.05.19"]

1. e4 {[%clk 1:30:56]} 1... c5 {[%clk 1:30:56]} 2. Nf3 {[%clk 1:31:18]} 2...
Nc6 {[%clk 1:31:20]} 3. d4 {[%clk 1:31:30]} 3... cxd4 {[%clk 1:31:44]} 4. Nxd4
{[%clk 1:31:48]} 4... e5 {[%clk 1:32:06]} 5. Nb5 {[%clk 1:31:07]} 5... d6 {
[%clk 1:32:21]} 6. N1c3 {[%clk 1:31:18]} 6... a6 {[%clk 1:31:58]} 7. Na3 {
[%clk 1:31:36]} 7... b5 {[%clk 1:32:05]} 8. Nd5 {[%clk 1:31:16]} 8... Nge7 {
[%clk 1:31:47]} 9. Be3 {[%clk 1:25:55]} 9... Nxd5 {[%clk 1:29:50]} 10. Qxd5 {
[%clk 1:21:41]} 10... Bb7 {[%clk 1:26:19]} 11. c3 {[%clk 1:17:16]} 11... Na5 {
[%clk 1:24:08]} 12. Qd3 {[%clk 1:15:04]} 12... d5 {[%clk 1:20:18]} 13. exd5 {
[%clk 1:11:32]} 13... Qxd5 {[%clk 1:15:52]} 14. f3 {[%clk 1:08:21]} 14... e4 {
[%clk 1:04:00]} 15. Qxe4+ {[%clk 1:02:06]} 15... Qxe4 {[%clk 1:03:01]} 16. fxe4
{[%clk 1:02:24]} 16... Bxa3 {[%clk 0:58:34]} 17. bxa3 {[%clk 1:01:20]} 17...
Bxe4 {[%clk 0:56:33]} 18. Kf2 {[%clk 0:55:39]} 18... Rc8 {[%clk 0:54:04]} 19.
Re1 {[%clk 0:49:46]} 19... f5 {[%clk 0:47:13]} 20. Bd4 {[%clk 0:45:13]} 20...
O-O {[%clk 0:42:16]} 21. a4 {[%clk 0:41:39]} 21... Nc4 {[%clk 0:39:35]} 22.
axb5 {[%clk 0:39:25]} 22... axb5 {[%clk 0:39:46]} 23. Bxc4+ 1/2-1/2

[Event "DEM U18w 2018"]
[Site "Willingen GER"]
[Date "2018.05.26"]
[Round "9"]
[White "Sieber, Fiona"]
[Black "Halas, Julia"]
[Result "1-0"]
[Termination "normal"]
[Board "1"]
[WhiteTitle "WIM"]
[WhiteElo "2234"]
[BlackElo "1979"]
[WhiteClock "00:29:09"]
[BlackClock "00:09:38"]
[PlyCount "123"]
[WhiteFideId "12902373"]
[BlackFideId "12931810"]
[EventCountry "GER"]
[EventRounds "9"]
[EventType "swiss"]
[EventDate "2018.05.19"]

1. e4 {[%clk 1:30:58]} 1... e6 {[%clk 1:30:56]} 2. d4 {[%clk 1:31:26]} 2... d5
{[%clk 1:31:21]} 3. Bd3 {[%clk 1:31:52]} 3... c5 {[%clk 1:30:14]} 4. exd5 {
[%clk 1:32:10]} 4... exd5 {[%clk 1:30:34]} 5. Nf3 {[%clk 1:32:31]} 5... Nf6 {
[%clk 1:25:41]} 6. O-O {[%clk 1:32:52]} 6... Nc6 {[%clk 1:21:01]} 7. Re1+ {
[%clk 1:25:29]} 7... Be7 {[%clk 1:19:28]} 8. dxc5 {[%clk 1:23:24]} 8... O-O {
[%clk 1:18:14]} 9. Nbd2 {[%clk 1:20:22]} 9... Bxc5 {[%clk 1:17:11]} 10. Nb3 {
[%clk 1:19:05]} 10... Bb6 {[%clk 1:16:12]} 11. Bg5 {[%clk 1:13:34]} 11... Qd6 {
[%clk 0:52:15]} 12. c4 {[%clk 0:55:06]} 12... Ng4 {[%clk 0:47:36]} 13. Bh4 {
[%clk 0:52:50]} 13... Be6 {[%clk 0:39:44]} 14. Rc1 {[%clk 0:48:00]} 14... Qd7 {
[%clk 0:34:57]} 15. Ng5 {[%clk 0:35:11]} 15... Bf5 {[%clk 0:32:59]} 16. Qf3 {
[%clk 0:25:32]} 16... Bxd3 {[%clk 0:29:10]} 17. Qxd3 {[%clk 0:26:00]} 17... Nf6
{[%clk 0:29:23]} 18. c5 {[%clk 0:26:22]} 18... Bc7 {[%clk 0:21:39]} 19. Nf3 {
[%clk 0:26:47]} 19... Nh5 {[%clk 0:17:52]} 20. Rcd1 {[%clk 0:22:17]} 20... Nf4
{[%clk 0:17:35]} 21. Qd2 {[%clk 0:22:45]} 21... Qg4 {[%clk 0:15:09]} 22. Bg3 {
[%clk 0:23:14]} 22... Rad8 {[%clk 0:14:54]} 23. Nfd4 {[%clk 0:23:28]} 23... a6
{[%clk 0:12:21]} 24. Nxc6 {[%clk 0:23:06]} 24... bxc6 {[%clk 0:12:44]} 25. Nd4
{[%clk 0:23:28]} 25... h5 {[%clk 0:10:42]} 26. Nxc6 {[%clk 0:22:18]} 26... h4 {
[%clk 0:08:04]} 27. Nxd8 {[%clk 0:19:47]} 27... hxg3 {[%clk 0:03:52]} 28. fxg3
{[%clk 0:19:54]} 28... Rxd8 {[%clk 0:03:31]} 29. gxf4 {[%clk 0:19:59]} 29...
Bxf4 {[%clk 0:03:34]} 30. Qe2 {[%clk 0:19:21]} 30... Qh4 {[%clk 0:02:55]} 31.
g3 {[%clk 0:19:36]} 31... Qg5 {[%clk 0:03:22]} 32. Qe7 {[%clk 0:18:55]} 32...
d4 {[%clk 0:02:39]} 33. c6 {[%clk 0:16:48]} 33... Rc8 {[%clk 0:01:39]} 34. Rxd4
{[%clk 0:14:04]} 34... Qxe7 {[%clk 0:01:29]} 35. Rxe7 {[%clk 0:14:32]} 35...
Bg5 {[%clk 0:01:53]} 36. Re2 {[%clk 0:14:40]} 36... Rxc6 {[%clk 0:02:16]} 37.
Kg2 {[%clk 0:14:56]} 37... Rb6 {[%clk 0:02:08]} 38. Rc4 {[%clk 0:14:52]} 38...
Kh7 {[%clk 0:01:32]} 39. Rec2 {[%clk 0:14:30]} 39... Rb8 {[%clk 0:00:35]} 40.
Rc6 {[%clk 0:14:10]} 40... a5 {[%clk 0:00:44]} 41. R6c5 {[%clk 0:13:35]} 41...
Bf6 {[%clk 0:22:19]} 42. b3 {[%clk 0:44:18]} 42... Ra8 {[%clk 0:22:18]} 43. Rc8
{[%clk 0:44:42]} 43... Ra6 {[%clk 0:22:04]} 44. R2c6 {[%clk 0:45:07]} 44... Ra7
{[%clk 0:20:45]} 45. R8c7 {[%clk 0:45:16]} 45... Ra8 {[%clk 0:20:35]} 46. Rxf7
{[%clk 0:45:26]} 46... Kg6 {[%clk 0:20:58]} 47. Rd7 {[%clk 0:45:38]} 47... a4 {
[%clk 0:18:11]} 48. bxa4 {[%clk 0:43:47]} 48... Rxa4 {[%clk 0:18:35]} 49. Rc2 {
[%clk 0:44:11]} 49... Ra3 {[%clk 0:18:52]} 50. Rb7 {[%clk 0:44:21]} 50... Ra4 {
[%clk 0:19:01]} 51. Kf3 {[%clk 0:44:37]} 51... Kf5 {[%clk 0:18:13]} 52. Rb5+ {
[%clk 0:44:51]} 52... Ke6 {[%clk 0:18:05]} 53. Ke3 {[%clk 0:44:37]} 53... Kd6 {
[%clk 0:17:24]} 54. Rb3 {[%clk 0:40:10]} 54... Kd5 {[%clk 0:16:40]} 55. Rd3+ {
[%clk 0:39:28]} 55... Ke6 {[%clk 0:16:05]} 56. Re2 {[%clk 0:33:53]} 56... Kf5 {
[%clk 0:15:51]} 57. Kf3 {[%clk 0:32:35]} 57... Ra5 {[%clk 0:13:47]} 58. a3 {
[%clk 0:31:56]} 58... Ra4 {[%clk 0:13:31]} 59. g4+ {[%clk 0:29:27]} 59... Kg5 {
[%clk 0:13:20]} 60. Re4 {[%clk 0:29:42]} 60... Ra5 {[%clk 0:10:40]} 61. a4 {
[%clk 0:29:55]} 61... Be5 {[%clk 0:09:38]} 62. Rb3 {[%clk 0:29:09]} 1-0

[Event "DEM U18w 2018"]
[Site "Willingen GER"]
[Date "2018.05.26"]
[Round "9"]
[White "Köhler, Inken"]
[Black "Rogozenco, Teodora"]
[Result "1/2-1/2"]
[Termination "normal"]
[Board "2"]
[BlackTitle "WFM"]
[WhiteElo "1879"]
[BlackElo "2090"]
[WhiteClock "00:05:52"]
[BlackClock "00:01:20"]
[PlyCount "70"]
[WhiteFideId "12929301"]
[BlackFideId "12938084"]
[EventCountry "GER"]
[EventRounds "9"]
[EventType "swiss"]
[EventDate "2018.05.19"]

1. d4 {[%clk 1:30:59]} 1... Nf6 {[%clk 1:30:00]} 2. Bf4 {[%clk 1:31:08]} 2...
g6 {[%clk 1:29:57]} 3. Nc3 {[%clk 1:31:21]} 3... d5 {[%clk 1:28:49]} 4. e3 {
[%clk 1:31:27]} 4... Bg7 {[%clk 1:29:12]} 5. h4 {[%clk 1:31:23]} 5... h5 {
[%clk 1:28:32]} 6. Be2 {[%clk 1:30:34]} 6... c6 {[%clk 1:28:38]} 7. Nf3 { [%clk
1:30:22]} 7... Bg4 {[%clk 1:28:22]} 8. Ne5 {[%clk 1:29:13]} 8... Bxe2 { [%clk
1:26:47]} 9. Qxe2 {[%clk 1:29:35]} 9... Nbd7 {[%clk 1:27:00]} 10. f3 { [%clk
1:27:38]} 10... Nxe5 {[%clk 1:22:10]} 11. Bxe5 {[%clk 1:28:00]} 11... Qa5
{[%clk 1:19:28]} 12. Qd2 {[%clk 1:19:40]} 12... Qa6 {[%clk 1:09:51]} 13. O-O-O
{[%clk 1:15:15]} 13... O-O-O {[%clk 1:10:08]} 14. Kb1 {[%clk 1:14:39]} 14...
Ne8 {[%clk 1:07:34]} 15. Bxg7 {[%clk 0:59:03]} 15... Nxg7 {[%clk 1:07:58]} 16.
e4 {[%clk 0:58:11]} 16... Ne6 {[%clk 0:59:53]} 17. exd5 {[%clk 0:52:59]} 17...
cxd5 {[%clk 1:00:14]} 18. Rhe1 {[%clk 0:53:01]} 18... Rd7 {[%clk 0:59:15]} 19.
Ne2 {[%clk 0:47:37]} 19... Ng7 {[%clk 0:54:45]} 20. Qf4 {[%clk 0:41:59]} 20...
Nf5 {[%clk 0:49:04]} 21. Nc1 {[%clk 0:41:06]} 21... Qd6 {[%clk 0:36:00]} 22.
Qxd6 {[%clk 0:31:25]} 22... Rxd6 {[%clk 0:36:24]} 23. Nd3 {[%clk 0:24:22]}
23... Nxh4 {[%clk 0:29:00]} 24. Rxe7 {[%clk 0:24:34]} 24... Nxg2 { [%clk
0:29:26]} 25. Rg1 {[%clk 0:21:24]} 25... Nh4 {[%clk 0:29:50]} 26. Rxf7 { [%clk
0:21:47]} 26... Nf5 {[%clk 0:28:49]} 27. Nf4 {[%clk 0:18:17]} 27... h4 { [%clk
0:23:01]} 28. Nh3 {[%clk 0:14:00]} 28... Nxd4 {[%clk 0:22:17]} 29. c3 { [%clk
0:13:56]} 29... Nf5 {[%clk 0:22:06]} 30. Re1 {[%clk 0:12:32]} 30... Rd7 { [%clk
0:18:50]} 31. Rf6 {[%clk 0:11:57]} 31... Rg7 {[%clk 0:18:17]} 32. Re5 { [%clk
0:11:17]} 32... Kd7 {[%clk 0:15:21]} 33. Kc1 {[%clk 0:07:45]} 33... Ne7 { [%clk
0:10:46]} 34. Rg5 {[%clk 0:07:10]} 34... Rh5 {[%clk 0:07:15]} 35. Rfxg6 { [%clk
0:05:52]} 35... Rxg6 {[%clk 0:01:20]} 1/2-1/2

[Event "DEM U18w 2018"]
[Site "Willingen GER"]
[Date "2018.05.26"]
[Round "9"]
[White "Sewald, Kathrin"]
[Black "Ratay, Meike"]
[Result "0-1"]
[Termination "normal"]
[Board "3"]
[WhiteElo "2035"]
[BlackElo "1831"]
[WhiteClock "00:38:16"]
[BlackClock "00:19:42"]
[PlyCount "60"]
[WhiteFideId "12964557"]
[BlackFideId "12977608"]
[EventCountry "GER"]
[EventRounds "9"]
[EventType "swiss"]
[EventDate "2018.05.19"]

1. e4 {[%clk 1:30:58]} 1... e5 {[%clk 1:30:56]} 2. Nf3 {[%clk 1:31:25]} 2...
Nc6 {[%clk 1:31:22]} 3. Bc4 {[%clk 1:31:51]} 3... Bc5 {[%clk 1:31:48]} 4. c3 {
[%clk 1:32:18]} 4... Nf6 {[%clk 1:32:12]} 5. d3 {[%clk 1:32:44]} 5... O-O {
[%clk 1:32:37]} 6. Bb3 {[%clk 1:33:10]} 6... d5 {[%clk 1:30:58]} 7. Qe2 { [%clk
1:29:36]} 7... a5 {[%clk 1:15:43]} 8. O-O {[%clk 1:28:08]} 8... a4 { [%clk
1:12:37]} 9. Bc2 {[%clk 1:28:24]} 9... d4 {[%clk 1:11:21]} 10. c4 { [%clk
1:27:18]} 10... Be7 {[%clk 1:01:05]} 11. Na3 {[%clk 1:22:02]} 11... Nd7 { [%clk
0:59:00]} 12. g4 {[%clk 1:11:43]} 12... Nc5 {[%clk 0:55:02]} 13. h3 { [%clk
1:08:52]} 13... Ne6 {[%clk 0:49:47]} 14. Qd1 {[%clk 1:06:45]} 14... Ng5 { [%clk
0:44:54]} 15. Bxg5 {[%clk 0:58:05]} 15... Bxg5 {[%clk 0:45:16]} 16. Bxa4 {[%clk
0:57:43]} 16... Bf4 {[%clk 0:41:53]} 17. Bxc6 {[%clk 0:57:31]} 17... bxc6
{[%clk 0:42:14]} 18. Kh1 {[%clk 0:47:21]} 18... h5 {[%clk 0:27:56]} 19. Rg1
{[%clk 0:45:44]} 19... hxg4 {[%clk 0:26:51]} 20. hxg4 {[%clk 0:45:59]} 20... c5
{[%clk 0:25:31]} 21. Rg2 {[%clk 0:45:19]} 21... Ra6 {[%clk 0:23:56]} 22. Kg1
{[%clk 0:45:32]} 22... Rg6 {[%clk 0:23:48]} 23. Ne1 {[%clk 0:41:21]} 23... Qh4
{[%clk 0:22:52]} 24. f3 {[%clk 0:40:39]} 24... Be3+ {[%clk 0:20:14]} 25. Kf1
{[%clk 0:40:37]} 25... Bxg4 {[%clk 0:19:45]} 26. fxg4 {[%clk 0:38:51]} 26...
Rf6+ {[%clk 0:19:57]} 27. Qf3 {[%clk 0:38:03]} 27... Qh1+ {[%clk 0:18:37] } 28.
Ke2 {[%clk 0:38:15]} 28... Rxf3 {[%clk 0:18:58]} 29. Kxf3 {[%clk 0:37:51] }
29... Qf1+ {[%clk 0:19:25]} 30. Kg3 {[%clk 0:38:16]} 30... Bf4+ { [%clk
0:19:42]} 0-1